Responses for show #7382 - Tuesday, October 18, 2016

Contestants

Anne Exler, a librarian from Underhill, Vermont

Jeremy Zarowitz, an energy trader from Oak Park, California

Shannon Dillmore, a genomics research manager from Raleigh, North Carolina (whose 1-day cash winnings total $20,631)

Jeopardy! Round responses

I'M A WHEEL WATCHER
PLANET EARTH
WHAT CAN YOU BUY FOR A BUCK?
U.S. HISTORY
L.A. TELEVISION
T(4 LETTERS)T
(Alex: Each correct response will begin with a T, end with a T, and there are four letters in between those two.)
    $200 23
an 18-wheeler

Shannon
    $200 19
hemisphere

Anne
    $200 11
a razor

Shannon
    $200 16
Baywatch

Jeremy
    $200 4
a target

Shannon
    $400 24
a paddlewheel

Anne
    $400 18
carbon

Jeremy
    $400 12
hand sanitizer

Jeremy
    $400 29
[The end-of-round signal sounds.]

Afghanistan

Shannon
    $400 17
Entourage

Jeremy
    $400 6
thrust

Anne
    $600 3
roulette

Anne
    $1,000 1
humus

Shannon
    $600 20
a calculator

Anne
    $600 13
Bull Moose

Jeremy
    $600 26
(Michael) Chiklis

Jeremy
    $600 7
Tyrant

Shannon
    $800 5
a dolly

Anne
    $800 2
the curvature of the Earth

Triple Stumper
    $800 21
(Jeremy: What is Taco Bell?)

Del Taco

Jeremy
Triple Stumper
    $800 14
(Jeremy: What is Shoshone?)

the Nez Perce

Jeremy
Triple Stumper
    $800 27
(Jeremy: What is Celebrity Matchmaker?)

Ray Donovan

Jeremy
Triple Stumper
    $800 8
a turret

Shannon
    $1000 25
(Alex: And it's called [*], with less than a minute to go now, Anne.)

a caster

Triple Stumper
    $1000 10
slide

Anne
    $1000 22
science fiction

Anne
    $1000 15
Pan Am

Triple Stumper
    $1000 28
the Sunset Strip

Shannon
    $1000 9
thwart

Shannon

Scores at the first commercial break (after clue 15):

Shannon Jeremy Anne
$3,800 $200 $2,800

Scores at the end of the Jeopardy! Round:

Shannon Jeremy Anne
$5,400 $200 $5,000

Double Jeopardy! Round responses

AUTHORS WITH PRESIDENTIAL NAMES
2-WORD COUNTRIES
ROCK "ME"
DOME, DOME ON THE RANGE
WHERE SELDOM IS HEARD
A DISCOURAGING WORD
    $400 22
Washington Irving

Triple Stumper
    $400 21
South Korea

Shannon
    $400 5
"Love Me Tender"

Shannon
    $400 28
(Shannon: What is Mecca?)

the Dome of the Rock

Shannon
Triple Stumper
    $400 14
Siberia

Anne
    $400 15
cow

Anne
    $800 23
(Anne) Tyler

Anne
    $5,000 10
Saudi Arabia

Shannon
    $800 6
"You Belong With Me"

Anne
    $800 29
[The end-of-round signal sounds.]

the Georgia Dome

Triple Stumper
    $800 13
Martha Stewart

Shannon
    $800 16
frown

Jeremy
    $1200 4
(Shirley) Jackson

Anne
    $1200 1
South Sudan

Jeremy
    $1200 7
"Me And Bobby McGee"

Jeremy
    $1200 17
Under the Dome

Jeremy
    $1200 8
Yale

Jeremy
    $1200 19
dampen

Shannon
    $1600 3
Back Channel

Shannon
    $1600 11
(Shannon: What are Costa Rica and...)

Costa Rica & El Salvador

ShannonAnne
    $1600 12
"Stand By Me"

Shannon
    $2,000 2
geodesic

Jeremy
    $1600 25
(Marco) Rubio

Jeremy
    $1600 20
dissuade

Shannon
    $2000 9
A Confederacy of Dunces

Shannon
    $2000 27
Sierra Leone

Shannon
    $2000 18
"Don't Stand So Close To Me"

Anne
    $2000 26
kale

Jeremy
    $2000 24
(Shannon: What is recession?)
...
(Alex: Less than a minute now.)

depression

ShannonAnne

Scores at the end of the Double Jeopardy! Round:

Shannon Jeremy Anne
$18,000 $11,400 $14,200

[wagering suggestions for these scores]

Final Jeopardy! Round responses

FUNNYMEN
JeremyWho is Mel Brooks?
$3,800
AnneWho is Woody Allen?
$12,000
ShannonWho is Mel Brooks?
$10,431
Mel Brooks

Final scores:

Shannon Jeremy Anne
$28,431 $15,200 $2,200
2-day champion: $49,062 2nd place: $2,000 3rd place: $1,000

Game dynamics:

Coryat scores:

Shannon Jeremy Anne
$13,400 $11,000 $14,200
19 R
(including 2 DDs),
3 W
14 R
(including 1 DD),
3 W
16 R,
0 W

Combined Coryat: $38,600

The J! Archive is created by fans, for fans. The Jeopardy! game show and all elements thereof, including but not limited to copyright and trademark thereto, are the property of Jeopardy Productions, Inc. and are protected under law. This website is not affiliated with, sponsored by, or operated by Jeopardy Productions, Inc. Join the discussion at JBoard.tv.